Numbers (Tile Select Quiz) - Statistics

General Stats
  • This quiz has been taken 296 times
  • The average score is 86 of 96
Answer Stats
Question Tile Select % Correct
Even Numbers 4 Yes
98%
Even Numbers 5 No
98%
Even Numbers 6 Yes
98%
Even Numbers 7 No
98%
Even Numbers 1 No
97%
Even Numbers 10 Yes
97%
Even Numbers 12 Yes
97%
Even Numbers 13 No
97%
Even Numbers 15 No
97%
Even Numbers 16 Yes
97%
Even Numbers 3 No
97%
Even Numbers 8 Yes
97%
Even Numbers 9 No
97%
Even Numbers 11 No
96%
Prime Numbers 12 No
96%
Even Numbers 14 Yes
96%
Prime Numbers 14 No
96%
Perfect Square Numbers 15 No
96%
Prime Numbers 16 No
96%
Even Numbers 2 Yes
96%
Prime Numbers 8 No
96%
Prime Numbers 10 No
95%
Perfect Square Numbers 11 No
95%
Perfect Square Numbers 13 No
95%
Prime Numbers 3 Yes
95%
Prime Numbers 4 No
95%
Prime Numbers 6 No
95%
Prime Numbers 7 Yes
95%
Perfect Square Numbers 7 No
95%
Perfect Square Numbers 10 No
94%
Numbers with 3 or 4 letter names (in English) 14 No
94%
Perfect Square Numbers 14 No
94%
Perfect Square Numbers 3 No
94%
Perfect Square Numbers 5 No
94%
Numbers with double letters in their names (in English) 1 No
93%
Numbers with double letters in their names (in English) 10 No
93%
Prime Numbers 11 Yes
93%
Numbers with 3 or 4 letter names (in English) 11 No
93%
Numbers with 3 or 4 letter names (in English) 12 No
93%
Prime Numbers 13 Yes
93%
Numbers with 3 or 4 letter names (in English) 13 No
93%
Prime Numbers 15 No
93%
Numbers with 3 or 4 letter names (in English) 15 No
93%
Numbers with 3 or 4 letter names (in English) 16 No
93%
Numbers with double letters in their names (in English) 2 No
93%
Numbers with double letters in their names (in English) 4 No
93%
Perfect Square Numbers 6 No
93%
Numbers with double letters in their names (in English) 6 No
93%
Numbers with 3 or 4 letter names (in English) 7 No
93%
Numbers with 3 or 4 letter names (in English) 8 No
93%
Numbers with double letters in their names (in English) 8 No
93%
Numbers with 3 or 4 letter names (in English) 1 Yes
92%
Numbers with 3 or 4 letter names (in English) 10 Yes
92%
Numbers with double letters in their names (in English) 3 Yes
92%
Perfect Square Numbers 4 Yes
92%
Prime Numbers 5 Yes
92%
Numbers with double letters in their names (in English) 5 No
92%
Numbers with 3 or 4 letter names (in English) 6 Yes
92%
Perfect Square Numbers 12 No
91%
Numbers with 3 or 4 letter names (in English) 2 Yes
91%
Numbers with 3 or 4 letter names (in English) 3 No
91%
Numbers with 3 or 4 letter names (in English) 4 Yes
91%
Numbers with 3 or 4 letter names (in English) 5 Yes
91%
Numbers with 3 or 4 letter names (in English) 9 Yes
91%
Numbers with double letters in their names (in English) 13 Yes
90%
Numbers with double letters in their names (in English) 15 Yes
90%
Perfect Square Numbers 8 No
90%
Prime Numbers 9 No
90%
Numbers with double letters in their names (in English) 14 Yes
89%
Perfect Square Numbers 16 Yes
89%
Numbers with double letters in their names (in English) 16 Yes
89%
Perfect Square Numbers 2 No
86%
Fibonacci Numbers 10 No
84%
Perfect Square Numbers 9 Yes
84%
Fibonacci Numbers 12 No
83%
Fibonacci Numbers 14 No
83%
Fibonacci Numbers 15 No
83%
Fibonacci Numbers 9 No
83%
Fibonacci Numbers 4 No
82%
Fibonacci Numbers 6 No
82%
Fibonacci Numbers 7 No
82%
Fibonacci Numbers 11 No
81%
Fibonacci Numbers 16 No
81%
Prime Numbers 2 Yes
81%
Fibonacci Numbers 3 Yes
81%
Fibonacci Numbers 1 Yes
80%
Fibonacci Numbers 5 Yes
77%
Fibonacci Numbers 2 Yes
76%
Fibonacci Numbers 8 Yes
75%
Fibonacci Numbers 13 Yes
74%
Numbers with double letters in their names (in English) 9 No
64%
Numbers with double letters in their names (in English) 12 No
60%
Perfect Square Numbers 1 Yes
58%
Numbers with double letters in their names (in English) 11 No
57%
Numbers with double letters in their names (in English) 7 No
57%
Prime Numbers 1 No
52%
No matching quizzes found
Score Distribution
Percent of People with Each Score
Percentile by Number Answered
Your Score History
You have not taken this quiz